000 00797nam a2200265Ia 4500
003 OSt
005 20221006142415.0
006 a|||||r|||| 00| 0
007 ta
008 221006b |||||||| |||| 00| 0 eng d
020 _a9780801436307
024 _a6,314
037 _bGift, Japan Foundation
_cTextual
040 _aEASL
_cEASL
_beng
041 _2eng
_aeng
082 _aV42.M<-J, N9
100 _aMcCLAIN James L Ed.
_9647664
245 0 _aOsaka
_b The merchants capital of early modern Japan
260 _aIthaka
_bCornell University Press
_c1999
300 _a295p.
_ccm.
490 _v JEL
700 _a OSAMU Wakita Ed.
_9647665
942 _hV42.M<-J, N9
_cTEXL
_2CC
999 _c1074400
_d1074400